Hodnotenie efektívnosti aplikovania marketingu v podniku diplomová práca

Enregistré dans:
Détails bibliographiques
Auteur principal: Holleš, Juraj
Collectivité auteur: Fakulta podnikového manažmentu EU. Katedra podnikovohospodárska
Autres auteurs: Grančičová, Katarína, 1967-
Format: Livre
Langue:slovaque
Publié: Bratislava 2011
Tags: Ajouter un tag
Pas de tags, Soyez le premier à ajouter un tag!

MARC

LEADER 00000nbm a2200000 4500
001 0131631
005 20161109101720.6
041 0 |a slo 
044 |a SK 
245 1 0 |a Hodnotenie efektívnosti aplikovania marketingu v podniku  |b diplomová práca  |c Juraj Holleš ; školiteľ: Katarína Grančičová 
264 1 |a Bratislava  |c 2011 
300 |a 65 s. 
100 1 |a Holleš, Juraj 
700 1 |a Grančičová, Katarína, 1967- 
710 2 |a Fakulta podnikového manažmentu EU. Katedra podnikovohospodárska